Normal view MARC view
  • Merrill, A. Roger

Entry Personal Name

Number of records used in: 2

001 - CONTROL NUMBER

  • control field: 1306

003 - CONTROL NUMBER IDENTIFIER

  • control field: OSt

005 - DATE AND TIME OF LATEST TRANSACTION

  • control field: 20170504121518.0

008 - FIXED-LENGTH DATA ELEMENTS

  • fixed length control field: 170504|| aca||aabn | a|a d

040 ## - CATALOGING SOURCE

  • Original cataloging agency: OSt
  • Transcribing agency: OSt

100 ## - HEADING--PERSONAL NAME

  • Personal name: Merrill, A. Roger

670 ## - SOURCE DATA FOUND

  • Source citation: Work cat.: (OSt)0: Covey, Stephen R. 1295, First things first /, c1994
Pusat Sumber Maklumat Dato' Haji Sarmin Md Hussin, Akademi Kastam Diraja Malaysia, Melaka
Tel: 06-2331106 | Faks: 06-2313787